000 01111nam a2200241Ia 4500
003 Ost
005 20260507075200.0
008 260507s9999||||xx |||||||||||||| ||und||
020 _a58851599539
040 _cfsecg
041 _aara
082 _a330
100 _aحسين، عدنان السيد
_eمؤلف
245 0 _aقضايا دولية :
_bالأزمة العالمية /
_c عدنان السيد حسين
260 _aبيروت:
_bالمؤسسة الجامعية,
_c2010
300 _a120 صفحة؛
_bإيضاحات ؛
_c20 سم
490 _aطريق المعرفة
504 _aمراجع ص.117
520 _aالاطار العالمي للأزمة ، أسبابا الأزمة العالمية و طبيعتها ، اضطرابات و خسائر في الأسواق العالمية ، صعود مجموعة العشرين ، الدولة التدخلية و تراجع الليبرالية الجديدة ، محاور القوى و الفوضى الدولية .
653 _aالأزمة العالمية
653 _aالمشكلات الإقتصادية
942 _cكتاب
999 _c43398
_d43398